zpět

Detail výsledku týmu

R.A.M., Jablonec nad Nisou

Datum a čas kvízu

26.5 Celkem bodů Celkový počet nahraných bodů na tomto kvízu bez doplňovacích otázek.
17. Pořadí na kvízu Konečné umístění týmu na tomto kvízu.

Zaznamenané odpovědi

# Otázka Odpověď Body Výsledky
1. Česko monitoruje situaci a vyh... Severní Korea 0
2. Hudba z kterého amerického fil... Terminátor 0
3. Česká národní banka vydala stř... Bedřich Smetana 1
4. Minulý týden byl ohlášen defin... vývojem elektromobilu (automobilu) 0
5. LeBron James pokořil ve své 21... 40 000 bodů 1
6. Napište český i latinský název... kost stehenní, femur (os femoris) 1
7. Ve kterém kraji České republik... v Královéhradeckém 0
8. Antropoložce Brennanové, hlavn... Temperance 0
9. Kterému zvířeti patří tato kos... hrochovi 1
10. V září roku 2012 byla pod park... Richard III. 0